[Event "Leipzig VfB op 24th"]
[Site "Leipzig"]
[Date "2017.03.23"]
[Round "4"]
[White "Hentzgen, Thomas"]
[Black "Gordon, Daniil"]
[Result "1/2-1/2"]
[WhiteElo "2012"]
[BlackElo "1483"]
[PlyCount "66"]
[EventDate "2017.03.21"]
[EventType "swiss"]
[EventRounds "9"]
[EventCountry "GER"]
[SourceTitle "EXT 2018"]
[Source "ChessBase"]
[SourceDate "2017.10.13"]
[SourceVersion "1"]
[SourceVersionDate "2017.10.13"]
[SourceQuality "1"]

1. c4 c5 2. Nc3 Nf6 3. e4 Nc6 4. g4 Nd4 5. g5 Ng4 6. Bg2 Ne5 7. d3 d6 8. h3 g6 9. f4 Nec6 10. Nge2 Bg7 11. a3 f5 12. Ng3 Be6 13. Rb1 Qb6 14. Nd5 Bxd5 15. exd5 Nd8 16. Bd2 0-0 17. 0-0 e5 18. dxe6 N8xe6 19. Kh1 Qb3 20. Qxb3 Nxb3 21. Bc3 Bxc3 22. bxc3 Nd2 23. Bd5 Rfe8 24. Rxb7 Nxf1 25. Nxf1 Kh8 26. Bxe6 Rxe6 27. Kg2 Re2+ 28. Kf3 Ra2 29. Ne3 Rxa3 30. Nd5 Kg8 31. Nf6+ Kf8 32. Rxh7 Rd8 33. Nd5 Kg8 1/2-1/2